01010nam a2200241 a 450000100100000000500170001000800410002702000150006804000250008308200200010810000320012824500460016026000400020630000200024650000740026650501000034065000290044065000310046904900090050095201180050995201240062799900170075100002095320240412074250.0100824s2003 dr 000 j spa d a999345818X aDO-SdBNPbspacBNPHU aRD863.44bA452d1 aAlmonte, Ana,d1969-94388510aDos caras y otros cuentos /cAna Almonte. aSanto Domingo :bCentenario,c2003. a89 p. ;c23 cm. aIncluye datos biográficos de la autora en la solapa de la cubierta.0 aEl gallo -- Páginas de un diario -- Cristiano -- Dos caras -- Encuentro en Remos -- Edelmira. 0aCuentos dominicanos9176 0aLiteratura dominicana.967 aBNPD 0010718PDaPDbPDcCTd2010-08-24iLF1l0oRD863.44 A452dp20953-10r2020-06-25w2020-06-25yLFPDZNo se presta 0010718PDaPDbPDcCTd2010-08-24iLF1l0oRD863.44 A452dp20953-20r2020-06-25te. 2w2020-06-25yLFPDZNo se presta c20456d20456